| 000 | 00344nam a22001457a 4500 | ||
|---|---|---|---|
| 003 | OSt | ||
| 005 | 20220117103400.0 | ||
| 008 | 220117b |||||||| |||| 00| 0 eng d | ||
| 020 | _a007010851x | ||
| 040 | _cHU | ||
| 082 | _a620.00 | ||
| 100 |
_aMod _928159 |
||
| 245 | _aModern Cost Engineering Methods & Data Volume II | ||
| 942 |
_2ddc _cBOOKS _n0 |
||
| 999 |
_c27259 _d27259 |
||